| 000 | 00376nam a2200133Ia 4500 | ||
|---|---|---|---|
| 008 | 150202s9999 xx 000 0 und d | ||
| 020 | _a886771439 | ||
| 050 |
_aFIC _bFIC |
||
| 100 | _aCherryh, C.J. | ||
| 245 |
_aMerovingen nights : _bangel with the sword / _cC.J. Cherryh. |
||
| 260 |
_aNew York : _bDel Books, _c1985. |
||
| 300 |
_a295 pages : _c18 cm. |
||
| 650 | _aFiction. | ||
| 999 |
_c281893 _d281893 |
||